| 000 | 01201nam0a2200301 4500 | ||
|---|---|---|---|
| 001 | RU\NLR\bibl\486018 | ||
| 005 | 20260409073540.0 | ||
| 010 |
_a5-94847-439-9 _97000 |
||
| 021 |
_aRU _b2003-69828 _93453 |
||
| 035 | _a(NLR Aleph) 000478735 | ||
| 090 |
_a1040034 _c1040034 |
||
| 100 | _a20040203d2004 |||y0rusy50 ca | ||
| 101 | 0 | _arus | |
| 102 | _aRU | ||
| 105 | _aa ||||||||| | ||
| 200 | 1 |
_aНачинаем читать _e[Рабочая тетр. _eДля занятий взрослых с детьми] _fАнна Левина _gХудож. Алексей Банных |
|
| 210 |
_aМ. _cОЛМА-ПРЕСС Экслибрис _d2004 |
||
| 215 |
_a16 с. _cил. _d28 |
||
| 225 | 1 |
_aПолный курс подготовки к школе _e4-5 лет |
|
| 300 | _aНа обл. авт. не указан | ||
| 606 |
_8rus _aДошкольники _xОбучение чтению _7ca _jРабочие тетради _3RU\NLR\auth\661265029 _92089883 |
||
| 686 | _aЧ491.7 | ||
| 700 | 1 |
_4070 _8rus _7ca _aЛевина _bА. _cпсевдоним _gАнна _3RU\NLR\AUTH\7745656 _928591 |
|
| 801 | 0 |
_aRU _bNLR _c20040203 _gPSBO |
|
| 801 | 1 |
_aRU _bNLR _c20040203 |
|
| 942 | _cBOOK | ||
| 980 | _aNB | ||